The genesis of misery / (Record no. 171694)

MARC details
000 -LEADER
fixed length control field 00903cam a2200277 i 4500
001 - CONTROL NUMBER
control field 1289244946
003 - CONTROL NUMBER IDENTIFIER
control field OSt
005 - DATE AND TIME OF LATEST TRANSACTION
control field 20250428115526.0
008 - FIXED-LENGTH DATA ELEMENTS--GENERAL INFORMATION
fixed length control field 220225t20222022nyu e 000 f eng
020 ## - INTERNATIONAL STANDARD BOOK NUMBER
International Standard Book Number 9781250788979 (hardcover)
040 ## - CATALOGING SOURCE
Original cataloging agency DLC
Language of cataloging eng
Description conventions rda
Transcribing agency DLC
Modifying agency NUST
050 00 - LIBRARY OF CONGRESS CALL NUMBER
Classification number PR9570.S53 YAN
100 1# - MAIN ENTRY--PERSONAL NAME
Personal name Yang, Neon
Relator term Author
245 14 - TITLE STATEMENT
Title The genesis of misery /
Statement of responsibility, etc. Neon Yang.
260 ## - PUBLICATION, DISTRIBUTION, ETC.
Place of publication, distribution, etc. New York, NY :
Name of publisher, distributor, etc. Tom Doherty Associates,
Date of publication, distribution, etc. 2022.
300 ## - PHYSICAL DESCRIPTION
Extent 417 pages ;
Dimensions 22 cm.
336 ## - CONTENT TYPE
Content type term text
Content type code txt
Source rdacontent
337 ## - MEDIA TYPE
Media type term unmediated
Media type code n
Source rdamedia
338 ## - CARRIER TYPE
Carrier type term volume
Carrier type code nc
Source rdacarrier
650 #0 - SUBJECT ADDED ENTRY--TOPICAL TERM
Form subdivision Space warfare -- Fiction.
650 #0 - SUBJECT ADDED ENTRY--TOPICAL TERM
Form subdivision Life on other planets -- Fiction.
650 #0 - SUBJECT ADDED ENTRY--TOPICAL TERM
Form subdivision Gender-nonconforming people -- Fiction.
650 #0 - SUBJECT ADDED ENTRY--TOPICAL TERM
Form subdivision Royal houses -- Fiction.
650 #0 - SUBJECT ADDED ENTRY--TOPICAL TERM
Form subdivision Belief and doubt -- Fiction.
942 ## - ADDED ENTRY ELEMENTS (KOHA)
Source of classification or shelving scheme Library of Congress Classification
Koha item type Ordinary Loan Books
Classification part PR9570.S53 YAN
Call number prefix PR
Call number suffix YAN
Suppress in OPAC No
Holdings
Withdrawn status Lost status Source of classification or shelving scheme Damaged status Not for loan Collection Home library Current library Shelving location Date acquired Source of acquisition Cost, normal purchase price Total Checkouts Full call number Barcode Date last seen Accession number Cost, replacement price Price effective from Koha item type Public note
    LCC     NFIC MAIN MAIN GEN 04/28/2025 Book Aid International 17.00   PR9570.S53 YAN 92004055917 04/28/2025 61691 17.00 04/28/2025 BOOKS Donation